000 00465nam a22001817a 4500
003 OSt
005 20211102165144.0
008 211102b |||||||| |||| 00| 0 eng d
020 _a0126402604
040 _cHAWASSA UNIVERSITY
050 _a636.0852/SHI
_b2
082 _a636.0852/SHI
_b2
100 _aSHIRLEY RAY L.
_916666
245 _aNITROGEN AND ENERGY NUTRITION OF RUMINANTS
260 _aNEW YORK
_bLONDON
_c1986
300 _a358
942 _2ddc
_cBOOKS
_n0
999 _c16362
_d16362